Turning Point (Record no. 13418)

MARC details
000 -LEADER
fixed length control field 00636nam a2200241 a 4500
020 ## - INTERNATIONAL STANDARD BOOK NUMBER
ISBN 9780007453054
082 00 - DEWEY DECIMAL CLASSIFICATION NUMBER
Classification number 501
Author Cutter CAP
100 ## - MAIN ENTRY--AUTHOR NAME
Author name Capra, Fritjof
245 ## - TITLE STATEMENT
Title Turning Point
Sub title Science, Society, and the Rising Culture
260 ## - PUBLICATION, DISTRIBUTION, ETC. (IMPRINT)
Place of publication London
Name of publisher Collins Religious Pub.
Year of publication 1983
300 ## - PHYSICAL DESCRIPTION
Number of Pages 516p
500 ## - GENERAL NOTE
General note includes index and biblioraphy
505 2# - FORMATTED CONTENTS NOTE
Formatted contents note Bibliography, Index
650 ## - SUBJECT ADDED ENTRY--TOPICAL TERM
Topical Term Science-Philosophy
942 ## - ADDED ENTRY ELEMENTS (KOHA)
Koha item type Books
700 1# -
-- Capra, Fritjof
Holdings
Collection code Home library Current library Date acquired Cost, normal purchase price Full call number Accession Number Koha item type
  Henry Martyn Institute Library Henry Martyn Institute Library 11/21/2012 499.00 501 CAP 023950 Books
                   Copyright © 2026 | Henry Martyn Institute | Hyderabad | TS-500052 | INDIA | Implemented by hmi.edu.in
Hit-Count:

Powered by Koha